000 00786nam a2200193 i 4500
001 27846
003 ES-MaACL
005 20230906153722.0
007 t|
008 030115s1892 po ||||1| por d
100 1 _aAzevedo, Maximiliano Eugenio d'.
_924289
245 1 0 _aMemoria sobre o Museu do Commando Geral d'Artilheria /
_cpor Maximiliano Eugenio D'Azevedo e Bento Adelino da Silveira Forte Gatto.
260 _aLisboa :
_b[s.n.],
_c1892 (
_fTyp. Moderna)
300 _a28 p. ;
_c24 cm.
500 _aPrecede al tít.: Congresso Pedagogico Hispano-Portuguez-Americano. Secçâo Portugueza.
700 1 _aForte Gatto, Bento Adelino da Silveira.
_951843
711 2 _aCongresso Pedagogico Hispano-Portuguez-Americano (
_d1892.
_cLisboa.)
_9135108
852 _aES-MaACL
_jT-1120-F-12
999 _c27846
_d27846